Microelectronics : Capitalist technology and the working class

Wedi'i Gadw mewn:
Manylion Llyfryddiaeth
Fformat: Llyfr
Iaith:Undetermined
Cyhoeddwyd: London CSE Books 1980
Pynciau:
Tagiau: Ychwanegu Tag
Dim Tagiau, Byddwch y cyntaf i dagio'r cofnod hwn!
Thư viện lưu trữ: Trung tâm Học liệu Trường Đại học Cần Thơ
LEADER 00600nam a2200193Ia 4500
001 CTU_97856
008 210402s9999 xx 000 0 und d
082 |a 331.2519 
082 |b M626 
245 0 |a Microelectronics : 
245 0 |b Capitalist technology and the working class 
245 0 |c CSE Microelectronics Group 
260 |a London 
260 |b CSE Books 
260 |c 1980 
650 |a Microelectronics,Automation,Working class 
650 |x Social aspects,Social aspects 
650 |z Great britain,Great britain,Great britain 
980 |a Trung tâm Học liệu Trường Đại học Cần Thơ